MARC

LEADER 00000nam0a2200000 4500
001 354617
005 20231102010717.0
035 |a (RuTPU)RU\TPU\retro\11876 
090 |a 354617 
100 |a 20200623d1973 km y0rusy50 ca 
101 0 |a rus 
102 |a RU 
105 |a a z 001zy 
200 1 |a Применение теории ползучести при обработке металлов давлением  |f А. А. Позднеев, В. И. Тарновский, В. И. Еремеев, В. С. Баакашвили 
210 |a Москва  |c Металлургия  |d 1973 
215 |a 192 с.  |c ил. 
320 |a Библиогр.: с. 186-190 
606 1 |a Металлы  |x Физико-механические свойства  |x Влияние обработки  |2 stltpush  |3 (RuTPU)RU\TPU\subj\43223  |9 62773 
610 1 |a металлообработка давлением 
610 1 |a ползучесть 
610 1 |a теория 
610 1 |a применение 
610 1 |a нагружение 
610 1 |a физические уравнения 
610 1 |a энергосиловые параметры 
610 1 |a ковка 
610 1 |a штамповка 
610 1 |a деформация 
675 |a 621.73.011:53  |v 4 
701 1 |a Позднеев  |b А. А.  |g Александр Александрович 
701 1 |a Тарновский  |b В. И.  |g Валерий Иосифович 
701 1 |a Еремеев  |b В. И.  |g Виктор Иванович 
701 1 |a Баакашвили  |b В. С.  |g Вахтанг Сергеевич 
801 1 |a RU  |b 63413507  |c 20200623 
801 2 |a RU  |b 63413507  |c 20201215  |g RCR 
942 |c BK